General equilibrium foundations of finance : structure of incomplete markets models (Record no. 192467)

MARC details
000 -LEADER
fixed length control field 00824nam a2200241Ia 4500
008 - FIXED-LENGTH DATA ELEMENTS--GENERAL INFORMATION
fixed length control field 191130s2002##################000#0#eng##
020 ## - INTERNATIONAL STANDARD BOOK NUMBER
ISBN 9781402073373
082 ## - DEWEY DECIMAL CLASSIFICATION NUMBER
Classification number 332.015118 HEN
100 ## - MAIN ENTRY--AUTHOR NAME
Personal name Hens, Thorsten
245 ## - TITLE STATEMENT
Title General equilibrium foundations of finance : structure of incomplete markets models
Statement of responsibility, etc by Thorsten Hens and Beate Pilgrim
260 ## - PUBLICATION, DISTRIBUTION, ETC. (IMPRINT)
Place of publication Dordrecht ; Boston
Name of publisher Kluwer Academic Publishers
Year of publication 2002
300 ## - PHYSICAL DESCRIPTION
Number of Pages xxvii, 299 p. ; 24 cm
500 ## - GENERAL NOTE
General note Includes bibliographical references and index
650 ## - SUBJECT ADDED ENTRY--TOPICAL TERM
Topical Term Capital market - Mathematical models
Topical Term Equilibrium (Economics)
Topical Term Finance - Mathematical models
700 ## - ADDED ENTRY--PERSONAL NAME
Personal name Pilgrim, Beate
991 ## -
-- 143129
Holdings
Withdrawn status Lost status Damaged status Not for loan Home library Current library Shelving location Date acquired Full call number Accession Number Price effective from Koha item type
        Anna Centenary Library Anna Centenary Library 4TH FLOOR, A WING 13.10.2020 332.015118 HEN 317620 13.10.2020 English Books

Find us on the map